Statistics for Countries with French as an official language

Click here to take the quiz!

General Stats

  • This quiz has been taken 62 times
  • The average score is 23 of 29

Answer Stats

PercentageAnswer% Correct
88%France
100%
40%Belgium
96%
23%Switzerland
96%
30%D.R. Congo
91%
23%Canada
89%
11%Niger
89%
30%Republic of the Congo
89%
98%Luxembourg
87%
20%Guinea
84%
42%Haiti
84%
33%Togo
84%
10%Mali
82%
10%Chad
80%
60%Ivory Coast
80%
35%Benin
76%
40%Burkina Faso
76%
10%Burundi
76%
80%Gabon
76%
58%Monaco
76%
20%Rwanda
76%
20%Senegal
76%
28%Central African Republic
75%
26%Comoros
73%
2%Djibouti
73%
95%Seychelles
73%
3%Equatorial Guinea
71%
5%Madagascar
67%
83%Cameroon
62%
1%Vanuatu
60%

Score Distribution

Percentile by Number Answered

Percent of People with Each Score

Your Score History

You have not taken this quiz